Bài tập đàm phán tiếng Anh : 25 kỹ năng nâng cao hiệu quả trong giao dịch kinh doanh = English negotiation exercise : 25 skills to improve effectiveness in business transaction
Với 25 bài tập đàm thoại, tướng ứng với 25 kỹ năng cần thiết trong quá trình giao dịch kinh doanh, được trình bày đơn giản, thực dụng.
Đã lưu trong:
| Hovedforfatter: | |
|---|---|
| Format: | Bog |
| Sprog: | Undetermined |
| Udgivet: |
Thành phố Hồ Chí Minh
Hồng Đức
2009
|
| Fag: | |
| Tags: |
Tilføj Tag
Ingen Tags, Vær først til at tagge denne postø!
|
| Thư viện lưu trữ: | Trung tâm Học liệu Trường Đại học Cần Thơ |
|---|
| LEADER | 01037nam a2200229Ia 4500 | ||
|---|---|---|---|
| 001 | CTU_194528 | ||
| 008 | 210402s9999 xx 000 0 und d | ||
| 082 | |a 428.24076 | ||
| 082 | |b M103 | ||
| 100 | |a Nguyễn, Phương Mai | ||
| 245 | 0 | |a Bài tập đàm phán tiếng Anh : | |
| 245 | 0 | |b 25 kỹ năng nâng cao hiệu quả trong giao dịch kinh doanh = English negotiation exercise : 25 skills to improve effectiveness in business transaction | |
| 245 | 0 | |c Nguyễn Phương Mai | |
| 260 | |a Thành phố Hồ Chí Minh | ||
| 260 | |b Hồng Đức | ||
| 260 | |c 2009 | ||
| 520 | |a Với 25 bài tập đàm thoại, tướng ứng với 25 kỹ năng cần thiết trong quá trình giao dịch kinh doanh, được trình bày đơn giản, thực dụng. | ||
| 650 | |a English language,Tiếng Anh | ||
| 650 | |x Study and teaching,Học tập và giảng dạy | ||
| 904 | |i QHieu | ||
| 915 | |a 400 | ||
| 980 | |a Trung tâm Học liệu Trường Đại học Cần Thơ | ||